Cliquez sur le Bon Continent - Statistiques

Statistiques générales
  • Ce quiz a été pris 88 846 fois
  • Le résultat moyen est 10 sur 20
Statistiques - réponses
Hint Réponse % Correct
Le plus grand continent par la population Asie
87%
Contient la ville de Moscou Europe
73%
Où le basket a été inventé Amérique du Nord
70%
Continent le plus chaud par température moyenne Afrique
65%
Lieu de naissance de la plupart des 100 meilleurs marathoniens du monde Afrique
64%
La plupart des tornades Amérique du Nord
59%
Âge médian le plus jeune des résidents Afrique
56%
Plus grande superficie couverte par des lacs Amérique du Nord
56%
Le plus grand continent par superficie Asie
52%
A plus de moutons que de personnes Océanie
47%
Continent dont le Costa Rica fait partie Amérique du Nord
46%
Âge médian le plus vieux des résidents Europe
46%
Compte uniquement deux pays sans accès à la mer Amérique du Sud
40%
A le plus d'espèces d'oiseaux Amérique du Sud
38%
Vitesse moyenne du vent la plus élevée Antarctique
37%
D'où viennent les pommes de terre à l'origine Amérique du Sud
34%
A le plus d'espèces marsupiales Océanie
32%
Moins de précipitations Antarctique
19%
La plupart des médailles d'or olympiques remportées Europe
19%
Continent dont la somme du PIB, de chacun de ses pays, est le plus élevé Asie
14%
Aucun quiz correspondant
Distribution des résultats
% des personnes avec chaque résultat
Percentile par nombre de réponses
Votre historique - résultats
Vous n’avez pas pris ce quiz